[Event "SVR-ch Seniors"]
[Site "Trier"]
[Date "2016.03.19"]
[Round "2"]
[White "Rueggeberg, Wilhelm"]
[Black "Baudner, Guntmar"]
[Result "1-0"]
[WhiteElo "1843"]
[BlackElo "2041"]
[PlyCount "79"]
[EventDate "2016.03.19"]
[EventType "tourn"]
[EventRounds "7"]
[EventCountry "GER"]
[SourceTitle "CBM 171 Extra"]
[Source "ChessBase"]
[SourceDate "2016.04.26"]
[SourceVersion "1"]
[SourceVersionDate "2016.04.26"]
[SourceQuality "1"]

1. d4 Nf6 2. c4 e6 3. Nc3 d5 4. Nf3 Be7 5. Bg5 0-0 6. cxd5 exd5 7. e3 c6 8. Qc2 Ne4 9. Bxe7 Qxe7 10. Bd3 f5 11. 0-0 Nd7 12. Qe2 Ndf6 13. Ne5 g6 14. f3 Nxc3 15. bxc3 c5 16. c4 cxd4 17. exd4 Re8 18. Rfe1 Qb4 19. Qe3 b6 20. cxd5 Nxd5 21. Qf2 Be6 22. Rab1 Qd6 23. Bb5 Red8 24. Qd2 Rac8 25. Rec1 Nc7 26. Nc6 Rf8 27. Nxa7 Ra8 28. Nc6 Rxa2 29. Qb4 Qxb4 30. Rxb4 Nd5 31. Rbb1 f4 32. Bc4 Re8 33. Bxa2 Kf7 34. Bxd5 Bxd5 35. Ne5+ Ke6 36. Rxb6+ Kf5 37. Rc5 Re6 38. Rxe6 Kxe6 39. Kf2 h5 40. h4 1-0

[Event "Bad Woerishofen Seniors op 32nd"]
[Site "Bad Woerishofen"]
[Date "2016.03.02"]
[Round "6"]
[White "Rueggeberg, Wilhelm"]
[Black "Zschorsch, Peter"]
[Result "1/2-1/2"]
[WhiteElo "1843"]
[BlackElo "1941"]
[PlyCount "25"]
[EventDate "2016.02.26"]
[EventType "swiss"]
[EventRounds "9"]
[EventCountry "GER"]
[SourceTitle "EXT 2019"]
[Source "ChessBase"]
[SourceDate "2018.10.10"]
[SourceVersion "1"]
[SourceVersionDate "2018.10.10"]
[SourceQuality "1"]

1. d4 Nf6 2. c4 g6 3. Nc3 d6 4. e4 Bg7 5. Nf3 0-0 6. Be2 Bg4 7. 0-0 Nc6 8. Be3 Bxf3 9. Bxf3 e6 10. Qe2 Nd7 11. a3 a6 12. Qd2 Re8 13. Be2 1/2-1/2

[Event "Bad Woerishofen Seniors op 32nd"]
[Site "Bad Woerishofen"]
[Date "2016.03.01"]
[Round "5"]
[White "Engbrecht, Helmut"]
[Black "Rueggeberg, Wilhelm"]
[Result "1/2-1/2"]
[WhiteElo "1980"]
[BlackElo "1843"]
[PlyCount "100"]
[EventDate "2016.02.26"]
[EventType "swiss"]
[EventRounds "9"]
[EventCountry "GER"]
[SourceTitle "EXT 2019"]
[Source "ChessBase"]
[SourceDate "2018.10.10"]
[SourceVersion "1"]
[SourceVersionDate "2018.10.10"]
[SourceQuality "1"]

1. e4 c5 2. Nc3 Nc6 3. Nf3 d6 4. Bb5 Bd7 5. Bxc6 Bxc6 6. d4 cxd4 7. Qxd4 Nf6 8. Bg5 Qb6 9. Qxb6 axb6 10. Bxf6 gxf6 11. 0-0-0 Rg8 12. Rhg1 b5 13. Kb1 Rg4 14. Nd4 Ra5 15. f3 Rg6 16. b4 Ra6 17. Ndxb5 Bxb5 18. Nxb5 Rc6 19. Kb2 Bh6 20. g4 Bf4 21. h4 Kd7 22. Kb3 Rg8 23. a4 Rgc8 24. c3 h6 25. Rd3 Ra8 26. c4 Be5 27. Nd4 Rca6 28. Ra1 e6 29. Ra2 Bxd4 30. Rxd4 Ke7 31. h5 b6 32. Rdd2 R6a7 33. f4 Rg8 34. Rg2 Raa8 35. a5 bxa5 36. Rxa5 Rxa5 37. bxa5 Kd7 38. Kc3 Kc6 39. Kd4 e5+ 40. fxe5 fxe5+ 41. Kc3 Kc5 42. a6 Kb6 43. Rd2 Rd8 44. Rd5 Kxa6 45. c5 Kb7 46. Rxd6 Rxd6 47. cxd6 f6 48. Kc4 Kc6 49. d7 Kxd7 50. Kd5 Ke7 1/2-1/2

[Event "Bad Woerishofen Seniors op 32nd"]
[Site "Bad Woerishofen"]
[Date "2016.02.29"]
[Round "4"]
[White "Rueggeberg, Wilhelm"]
[Black "Bachmann, Rolf"]
[Result "1-0"]
[WhiteElo "1843"]
[BlackElo "1993"]
[PlyCount "139"]
[EventDate "2016.02.26"]
[EventType "swiss"]
[EventRounds "9"]
[EventCountry "GER"]
[SourceTitle "EXT 2019"]
[Source "ChessBase"]
[SourceDate "2018.10.10"]
[SourceVersion "1"]
[SourceVersionDate "2018.10.10"]
[SourceQuality "1"]

1. d4 Nf6 2. c4 g6 3. Nc3 Bg7 4. Nf3 d5 5. Bg5 c6 6. e3 0-0 7. cxd5 cxd5 8. Bd3 b6 9. 0-0 Bb7 10. Rc1 Ne4 11. Bf4 Nc6 12. Nxe4 dxe4 13. Bxe4 Rc8 14. a3 Qd7 15. Qe2 e6 16. Rfd1 Rfd8 17. Bd3 Qe7 18. Ba6 h6 19. Bxb7 Qxb7 20. Rc3 Ne7 21. Rxc8 Rxc8 22. Qd3 a6 23. Qd2 Qc6 24. Ne5 Qb7 25. Rc1 g5 26. Bg3 Nf5 27. Nd3 f6 28. Rxc8+ Qxc8 29. Qc1 Qxc1+ 30. Nxc1 Nxg3 31. hxg3 Bf8 32. Nd3 Kf7 33. Kf1 Bd6 34. Ke2 h5 35. e4 f5 36. e5 Be7 37. Kd2 Ke8 38. Kc3 Kd7 39. f3 Kc6 40. Nf2 Kd5 41. Kd3 b5 42. g4 h4 43. Nd1 fxg4 44. Ne3+ Kc6 45. Nxg4 a5 46. Ne3 a4 47. Ke4 b4 48. axb4 Bxb4 49. d5+ exd5+ 50. Nxd5 Bd2 51. e6 Bc1 52. e7 Kd7 53. Nb6+ Kxe7 54. Nxa4 Kd6 55. b4 Kc6 56. Nc3 Bd2 57. Kd3 Bf4 58. Kc4 Kd6 59. Nd5 Ke5 60. b5 Kf5 61. Nxf4 Kxf4 62. b6 Kg3 63. b7 Kxg2 64. b8Q h3 65. Kd3 h2 66. Qb2+ Kh1 67. Qg7 Kg2 68. Qxg5+ Kh1 69. Qh4 Kg2 70. f4 1-0

[Event "Bad Woerishofen Seniors op 30th"]
[Site "Bad Woerishofen"]
[Date "2014.03.25"]
[Round "5"]
[White "Wagner, Gerhard"]
[Black "Rueggeberg, Wilhelm"]
[Result "1/2-1/2"]
[WhiteElo "1795"]
[BlackElo "1882"]
[PlyCount "103"]
[EventDate "2014.03.21"]
[EventType "swiss"]
[EventRounds "9"]
[EventCountry "GER"]
[SourceTitle "EXT 2019"]
[Source "ChessBase"]
[SourceDate "2018.10.10"]
[SourceVersion "1"]
[SourceVersionDate "2018.10.10"]
[SourceQuality "1"]

1. e4 c5 2. d4 cxd4 3. c3 d5 4. exd5 Qxd5 5. cxd4 Nf6 6. Nc3 Qd8 7. Bc4 e6 8. Nf3 Be7 9. 0-0 0-0 10. Qe2 Nc6 11. Rd1 Nd5 12. a3 Bf6 13. Bd3 Nce7 14. Ne5 Ng6 15. Qe4 Nde7 16. h4 Bxh4 17. g3 Bf6 18. Ne2 Qd5 19. Nxg6 hxg6 20. Bf4 Qxe4 21. Bxe4 Nd5 22. Bd2 Bd7 23. f3 Bc6 24. Kf2 Rac8 25. Rh1 Be7 26. Rae1 f5 27. Bb1 Bf6 28. Ba2 Kf7 29. Kg2 Rce8 30. Bb3 Rh8 31. Ba2 g5 32. Bb3 g4 33. Rxh8 gxf3+ 34. Kxf3 Rxh8 35. Kf2 g5 36. Ba2 g4 37. Kg1 Rh3 38. Kf2 Nc7 39. Bc3 Bg5 40. Nf4 Rh2+ 41. Kf1 Rh1+ 42. Kf2 Rxe1 43. Kxe1 Bxf4 44. gxf4 Nd5 45. Bd2 Ne7 46. Kf2 Bd5 47. Bb1 Nc8 48. Bc2 Nd6 49. Kg3 Kg6 50. Bd3 Bc4 51. Bb4 Bxd3 52. Bxd6 1/2-1/2

[Event "Bad Woerishofen Seniors op 30th"]
[Site "Bad Woerishofen"]
[Date "2014.03.24"]
[Round "4"]
[White "Rueggeberg, Wilhelm"]
[Black "Collins, Alan"]
[Result "1/2-1/2"]
[WhiteElo "1882"]
[BlackElo "1732"]
[PlyCount "42"]
[EventDate "2014.03.21"]
[EventType "swiss"]
[EventRounds "9"]
[EventCountry "GER"]
[SourceTitle "EXT 2019"]
[Source "ChessBase"]
[SourceDate "2018.10.10"]
[SourceVersion "1"]
[SourceVersionDate "2018.10.10"]
[SourceQuality "1"]

1. d4 d6 2. c4 e5 3. dxe5 dxe5 4. Qxd8+ Kxd8 5. Nc3 c6 6. Nf3 f6 7. e3 Be6 8. Be2 Nd7 9. 0-0 Nh6 10. Rd1 Kc7 11. a3 Be7 12. Bd2 Nf5 13. Ne4 c5 14. b4 Rad8 15. Nc3 Nd6 16. bxc5 Nxc5 17. Nb5+ Nxb5 18. cxb5 Nb3 19. Rab1 Bxa3 20. Be1 b6 21. Nd2 Na5 1/2-1/2

[Event "Hessen-ch Seniors op 09th"]
[Site "Bad Sooden-Allendorf"]
[Date "2013.04.23"]
[Round "4"]
[White "Rueggeberg, Wilhelm"]
[Black "Leutz, Hans"]
[Result "0-1"]
[WhiteElo "1898"]
[BlackElo "1958"]
[PlyCount "101"]
[EventDate "2013.04.20"]
[EventType "swiss"]
[EventRounds "9"]
[EventCountry "GER"]
[SourceTitle "EXT 2019"]
[Source "ChessBase"]
[SourceDate "2018.10.10"]
[SourceVersion "1"]
[SourceVersionDate "2018.10.10"]
[SourceQuality "1"]

1. d4 d5 2. c4 e6 3. Nc3 Nf6 4. Nf3 c6 5. Bg5 Nbd7 6. e3 Qa5 7. a3 Ne4 8. Qc1 dxc4 9. Bf4 b5 10. Be2 Ndf6 11. 0-0 Nxc3 12. bxc3 Nd5 13. Ne5 Qxc3 14. Nxc6 Qxc1 15. Rfxc1 Nxf4 16. exf4 Bd6 17. g3 Bd7 18. Bf3 Rc8 19. Ne5 Rc7 20. a4 Bxe5 21. fxe5 bxa4 22. d5 0-0 23. Rc3 Bb5 24. Be4 exd5 25. Bxd5 Rd8 26. Be4 Rcd7 27. Re1 Rd1 28. Kf1 R8d2 29. Bc2 Rxe1+ 30. Kxe1 Rd5 31. f4 g6 32. Ra3 Bd7 33. Rc3 Rc5 34. Kd2 Kf8 35. Ra3 Ke7 36. Kc3 Ke6 37. Bxa4 Bxa4 38. Rxa4 Rc7 39. Ra2 Kf5 40. Kd4 c3 41. Rc2 a5 42. h3 h5 43. Kd3 a4 44. Ke3 a3 45. Kd3 h4 46. gxh4 Kxf4 47. h5 gxh5 48. Rxc3 Rxc3+ 49. Kxc3 Kxe5 50. Kb3 f5 51. Kxa3 0-1

[Event "Hessen-ch Seniors op 09th"]
[Site "Bad Sooden-Allendorf"]
[Date "2013.04.20"]
[Round "1"]
[White "Van Geffen, Ben"]
[Black "Rueggeberg, Wilhelm"]
[Result "1/2-1/2"]
[WhiteElo "2090"]
[BlackElo "1898"]
[PlyCount "89"]
[EventDate "2013.04.20"]
[EventType "swiss"]
[EventRounds "9"]
[EventCountry "GER"]
[SourceTitle "EXT 2019"]
[Source "ChessBase"]
[SourceDate "2018.10.10"]
[SourceVersion "1"]
[SourceVersionDate "2018.10.10"]
[SourceQuality "1"]

1. e4 c5 2. Nf3 d6 3. d4 cxd4 4. Nxd4 Nf6 5. Nc3 Nc6 6. Bg5 e6 7. Qd2 h6 8. Bxf6 Qxf6 9. Ndb5 Qd8 10. 0-0-0 a6 11. Nxd6+ Bxd6 12. Qxd6 Qxd6 13. Rxd6 Ke7 14. Rd2 b5 15. f4 Bb7 16. Bd3 Rhd8 17. Rhd1 Rac8 18. a3 Na5 19. Be2 Rxd2 20. Kxd2 Nc4+ 21. Bxc4 Rxc4 22. Ke3 g6 23. Rd4 Rc5 24. g3 f6 25. a4 Bc6 26. axb5 axb5 27. Kd3 e5 28. fxe5 fxe5 29. Rb4 Ke6 30. Nd1 h5 31. Ne3 Bb7 32. b3 Bc6 33. c4 bxc4+ 34. Nxc4 Bb5 35. Ke3 Kf6 36. Kf3 Ke6 37. Ne3 Bc6 38. Rb8 Rc3 39. b4 Rb3 40. h3 Kd7 41. Rg8 Rxb4 42. Nd5 Rb3+ 43. Kf2 Rb2+ 44. Kf3 Rb3+ 45. Kf2 1/2-1/2

[Event "Hessen-ch Seniors op 08th"]
[Site "Bad Sooden-Allendorf"]
[Date "2012.04.21"]
[Round "8"]
[White "Rueggeberg, Wilhelm"]
[Black "Daebel, Hasso"]
[Result "1-0"]
[WhiteElo "1906"]
[BlackElo "1707"]
[PlyCount "112"]
[EventDate "2012.04.14"]
[EventType "swiss"]
[EventRounds "9"]
[EventCountry "GER"]
[SourceTitle "EXT 2019"]
[Source "ChessBase"]
[SourceDate "2018.10.10"]
[SourceVersion "1"]
[SourceVersionDate "2018.10.10"]
[SourceQuality "1"]

1. d4 d5 2. c4 dxc4 3. Nc3 c6 4. a4 Bd7 5. a5 e6 6. e4 Bb4 7. Qa4 Bxc3+ 8. bxc3 Qh4 9. e5 Qe4+ 10. Be3 Qd5 11. Qxc4 Qxc4 12. Bxc4 Ne7 13. Ne2 Nf5 14. Bf4 h6 15. h4 g6 16. g4 Ne7 17. Rb1 Bc8 18. Ng3 Nd5 19. Bd2 Nd7 20. Ne4 Ke7 21. Nd6 b6 22. axb6 axb6 23. 0-0 Ba6 24. Bxa6 Rxa6 25. c4 Nc7 26. Ra1 f6 27. Rxa6 Nxa6 28. f4 f5 29. Ra1 Ndb8 30. gxf5 gxf5 31. Kh2 Rg8 32. Rg1 Rxg1 33. Kxg1 h5 34. Nc8+ Kd8 35. Nxb6 c5 36. d5 exd5 37. Ba5 Ke8 38. cxd5 Nc7 39. Kf2 Nba6 40. Ke3 Nb4 41. Bxb4 cxb4 42. Kd3 Na6 43. Kc4 b3 44. Kxb3 Nc5+ 45. Kc4 Ne4 46. Kd4 Nd2 47. Ke3 Nf1+ 48. Kf2 Nh2 49. Nc4 Ng4+ 50. Kg3 Nh6 51. Ne3 Ke7 52. Kf3 Kf7 53. Nf1 Ng8 54. d6 Ke6 55. Ng3 Nh6 56. Nxh5 Ng4 1-0

[Event "Hessen-ch Seniors op 08th"]
[Site "Bad Sooden-Allendorf"]
[Date "2012.04.18"]
[Round "5"]
[White "Mentel, Juergen"]
[Black "Rueggeberg, Wilhelm"]
[Result "1/2-1/2"]
[WhiteElo "2056"]
[BlackElo "1906"]
[PlyCount "59"]
[EventDate "2012.04.14"]
[EventType "swiss"]
[EventRounds "9"]
[EventCountry "GER"]
[SourceTitle "EXT 2019"]
[Source "ChessBase"]
[SourceDate "2018.10.10"]
[SourceVersion "1"]
[SourceVersionDate "2018.10.10"]
[SourceQuality "1"]

1. e4 c5 2. Nf3 d6 3. d4 cxd4 4. Nxd4 Nf6 5. f3 e6 6. c4 Nc6 7. Nc3 a6 8. Be3 Bd7 9. Be2 Be7 10. 0-0 0-0 11. f4 Qc7 12. Rc1 Rad8 13. Bf3 h6 14. b3 Nxd4 15. Bxd4 Bc6 16. Qe2 Nd7 17. Qf2 Bf6 18. Be3 b6 19. b4 Bxc3 20. Rxc3 Qb7 21. Re1 Rb8 22. Bc1 Nf6 23. Qe2 d5 24. b5 axb5 25. cxb5 Bd7 26. e5 Nh7 27. Be3 Rfc8 28. Rb3 Nf8 29. Qd3 Rc4 30. Rb2 1/2-1/2

[Event "Hessen-ch Seniors op 08th"]
[Site "Bad Sooden-Allendorf"]
[Date "2012.04.17"]
[Round "4"]
[White "Rueggeberg, Wilhelm"]
[Black "Hartlaub, Marianne"]
[Result "1-0"]
[WhiteElo "1906"]
[BlackElo "1628"]
[PlyCount "27"]
[EventDate "2012.04.14"]
[EventType "swiss"]
[EventRounds "9"]
[EventCountry "GER"]
[SourceTitle "EXT 2019"]
[Source "ChessBase"]
[SourceDate "2018.10.10"]
[SourceVersion "1"]
[SourceVersionDate "2018.10.10"]
[SourceQuality "1"]

1. d4 d6 2. c4 Nf6 3. Nf3 Bg4 4. Nbd2 Nbd7 5. Qc2 g6 6. e4 c6 7. h3 Bxf3 8. Nxf3 Qc7 9. Be2 Bg7 10. Bf4 Nh5 11. Be3 0-0 12. 0-0 f5 13. exf5 Rxf5 14. Nh4 1-0

[Event "Bad Woerishofen Seniors op 28th"]
[Site "Bad Woerishofen"]
[Date "2012.03.09"]
[Round "8.39"]
[White "Birkestrand, Odd Helge"]
[Black "Rueggeberg, Wilhelm"]
[Result "0-1"]
[WhiteElo "1653"]
[BlackElo "1702"]
[PlyCount "88"]
[EventDate "2012.03.02"]
[EventType "swiss"]
[EventRounds "9"]
[EventCountry "GER"]
[SourceTitle "EXT 2022"]
[Source "ChessBase"]
[SourceDate "2021.10.06"]
[SourceVersion "1"]
[SourceVersionDate "2021.10.06"]
[SourceQuality "1"]

1. e4 c5 2. c3 Nc6 3. Nf3 e6 4. Be2 d6 5. d4 cxd4 6. cxd4 Nf6 7. d5 exd5 8. exd5 Ne5 9. 0-0 Be7 10. h3 0-0 11. Nc3 a6 12. Bf4 Ng6 13. Bh2 b5 14. a3 Bb7 15. Rc1 Qd7 16. Qb3 Rfc8 17. Rfd1 Rc5 18. Rc2 Rac8 19. Rcd2 Bf8 20. Ne1 Qe7 21. Rd4 Rxc3 22. bxc3 Qxe2 23. f3 Qe3+ 24. Kf1 Qxc3 25. Qxc3 Rxc3 26. R4d3 Rc5 27. Bg1 Rxd5 28. Rxd5 Bxd5 29. g3 Bc4+ 30. Kg2 d5 31. Ra1 Nd7 32. Nc2 Bc5 33. Nd4 Kf8 34. f4 Ne7 35. Kf3 g6 36. h4 Nf5 37. Nxf5 Bxg1 38. Rxg1 gxf5 39. Re1 d4 40. Rd1 d3 41. Ke3 Nb6 42. Kd4 Nd7 43. Re1 h5 44. Kc3 Nf6 0-1

[Event "Hessen-ch Seniors op 07th"]
[Site "Bad Sooden-Allendorf"]
[Date "2011.05.06"]
[Round "7"]
[White "Schlachetka, Werner"]
[Black "Rueggeberg, Wilhelm"]
[Result "1/2-1/2"]
[WhiteElo "1901"]
[BlackElo "1673"]
[PlyCount "54"]
[EventDate "2011.04.30"]
[EventType "swiss"]
[EventRounds "9"]
[EventCountry "GER"]
[SourceTitle "EXT 2012"]
[Source "ChessBase"]
[SourceDate "2011.11.24"]
[SourceVersion "1"]
[SourceVersionDate "2011.11.24"]
[SourceQuality "1"]

1. e4 c5 2. Nc3 d6 3. g3 Nc6 4. Bg2 Nf6 5. d3 e6 6. h3 Be7 7. f4 g6 8. g4 a6 9. Be3 Qc7 10. Nce2 Rb8 11. Nf3 b5 12. 0-0 Bb7 13. c3 Rd8 14. Qe1 Rd7 15. Ng3 0-0 16. g5 Ne8 17. Rd1 Ng7 18. f5 exf5 19. exf5 f6 20. fxg6 hxg6 21. Nh4 Ne5 22. Bxb7 Qxb7 23. gxf6 Bxf6 24. Ne4 Bxh4 25. Qxh4 Nf5 26. Qg5 Rdf7 27. Bf4 Qe7 1/2-1/2

[Event "SVR-ch Seniors 34th"]
[Site "Reil"]
[Date "2011.04.23"]
[Round "7"]
[White "Karbach, Andreas"]
[Black "Rueggeberg, Wilhelm"]
[Result "1-0"]
[WhiteElo "1878"]
[BlackElo "1918"]
[PlyCount "109"]
[EventDate "2011.04.15"]
[EventType "swiss"]
[EventRounds "7"]
[EventCountry "GER"]
[SourceTitle "EXT 2013"]
[Source "ChessBase"]
[SourceDate "2012.11.22"]
[SourceVersion "1"]
[SourceVersionDate "2012.11.22"]
[SourceQuality "1"]

1. e4 c5 2. Nf3 d6 3. Bc4 e6 4. c3 Nf6 5. d3 Be7 6. Be3 Nc6 7. Nbd2 0-0 8. d4 cxd4 9. cxd4 Qa5 10. 0-0 d5 11. Bd3 dxe4 12. Nxe4 Rd8 13. a3 Nd5 14. b4 Nxe3 15. fxe3 Qb6 16. Kh1 e5 17. Neg5 h6 18. Nxf7 Be6 19. Nxd8 Rxd8 20. Qe2 Bf6 21. Bc4 Bxc4 22. Qxc4+ Kh8 23. Rad1 exd4 24. exd4 Nxd4 25. Nxd4 Rxd4 26. Rxd4 Qxd4 27. Qxd4 Bxd4 28. b5 a6 29. a4 axb5 30. axb5 Kh7 31. g4 Kg6 32. Rf5 b6 33. h4 Bf6 34. h5+ Kf7 35. Kg2 Ke6 36. Kf3 Kd6 37. Ke4 Ke6 38. Rd5 Bg5 39. Re5+ Kd6 40. Kf5 Bf6 41. Re6+ Kc5 42. Rxf6 gxf6 43. Kxf6 Kxb5 44. g5 hxg5 45. Kxg5 Kc4 46. h6 b5 47. h7 b4 48. h8Q Kb3 49. Qa1 Kc2 50. Qa2+ Kc3 51. Qb1 b3 52. Kf4 b2 53. Ke3 Kb3 54. Kd3 Kb4 55. Qxb2+ 1-0

[Event "SVR-ch Seniors 33rd"]
[Site "Mendig"]
[Date "2010.04.01"]
[Round "4"]
[White "Rueggeberg, Wilhelm"]
[Black "Ningel, Heinz"]
[Result "1/2-1/2"]
[WhiteElo "1947"]
[BlackElo "1537"]
[PlyCount "74"]
[EventDate "2010.03.26"]
[EventType "swiss"]
[EventRounds "7"]
[EventCountry "GER"]
[SourceTitle "EXT 2011"]
[Source "ChessBase"]
[SourceDate "2010.11.26"]
[SourceVersion "1"]
[SourceVersionDate "2010.11.26"]
[SourceQuality "1"]

1. d4 Nf6 2. c4 g6 3. Nc3 Bg7 4. e4 d6 5. Nf3 c5 6. d5 a6 7. Be2 0-0 8. Bd2 Bd7 9. Qc1 b5 10. Bd3 bxc4 11. Bxc4 Bb5 12. Nxb5 axb5 13. Bd3 b4 14. 0-0 Nbd7 15. Bh6 Ng4 16. Bxg7 Kxg7 17. b3 f6 18. Qb2 Nge5 19. Be2 Kg8 20. Qd2 Ra3 21. Nxe5 Nxe5 22. f4 Nf7 23. Rf2 Qa5 24. Bd3 Ra8 25. Qb2 Qd8 26. g4 Qd7 27. h3 R8a7 28. Qe2 R7a5 29. Qf3 Qa7 30. Qe2 Qd7 31. h4 h6 32. Qf3 Qa7 33. Qg2 Kg7 34. Kh2 Qa8 35. Kg1 Kh7 36. Qh2 Kg7 37. Re2 Ra7 1/2-1/2

[Event "Bad Bertrich Seniors op 17th"]
[Site "Bad Bertrich"]
[Date "2009.12.05"]
[Round "2"]
[White "Rueggeberg, Wilhelm"]
[Black "Van Houten, Henk"]
[Result "1/2-1/2"]
[WhiteElo "1689"]
[BlackElo "1680"]
[PlyCount "63"]
[EventDate "2009.12.04"]
[EventType "swiss"]
[EventRounds "9"]
[EventCountry "GER"]
[SourceTitle "EXT 2022"]
[Source "ChessBase"]
[SourceDate "2021.10.06"]
[SourceVersion "1"]
[SourceVersionDate "2021.10.06"]
[SourceQuality "1"]

1. d4 d5 2. c4 e6 3. Nc3 Nf6 4. Nf3 Be7 5. Qc2 0-0 6. e3 c6 7. Bd3 Nbd7 8. 0-0 Re8 9. Ne5 Nf8 10. f4 N6d7 11. Qf2 f6 12. Nf3 f5 13. cxd5 cxd5 14. Ne5 Nxe5 15. fxe5 a6 16. Ne2 b5 17. Qf3 g6 18. Bd2 Ra7 19. Rac1 Qb6 20. g4 a5 21. Rc2 Bb4 22. a3 Bxd2 23. Rxd2 Rf7 24. g5 b4 25. a4 Ba6 26. Bxa6 Qxa6 27. Rc2 Rc8 28. Rxc8 Qxc8 29. Rc1 Rc7 30. Qf1 Kg7 31. Rxc7+ Qxc7 32. Qc1 1/2-1/2

[Event "Bad Woerishofen Seniors op 24th"]
[Site "Bad Woerishofen"]
[Date "2008.03.06"]
[Round "8"]
[White "Wecker, Kurt"]
[Black "Rueggeberg, Wilhelm"]
[Result "0-1"]
[WhiteElo "1692"]
[BlackElo "1743"]
[PlyCount "152"]
[EventDate "2008.02.28"]
[EventType "swiss"]
[EventRounds "9"]
[EventCountry "GER"]
[SourceTitle "EXT 2022"]
[Source "ChessBase"]
[SourceDate "2021.10.06"]
[SourceVersion "1"]
[SourceVersionDate "2021.10.06"]
[SourceQuality "1"]

1. d4 Nf6 2. Nf3 e6 3. c4 d5 4. Nc3 c6 5. cxd5 exd5 6. Bg5 Be7 7. e3 Bg4 8. Be2 Nbd7 9. 0-0 0-0 10. h3 Bh5 11. a3 Re8 12. b4 a6 13. Rb1 Ne4 14. Nxe4 dxe4 15. Bxe7 Qxe7 16. Nh2 Bxe2 17. Qxe2 Nf6 18. Rfc1 Nd5 19. Qc4 f5 20. Nf1 g6 21. a4 Kg7 22. b5 axb5 23. axb5 Nb6 24. Qb4 cxb5 25. Qxb5 Ra6 26. Rc5 Rd8 27. Rbc1 Rd7 28. Rc6 Qd8 29. Qe5+ Kh6 30. Rc7 Nd5 31. Rxd7 Qxd7 32. Ng3 b5 33. h4 b4 34. Qb8 Rb6 35. Qf8+ Qg7 36. Qc5 Qf7 37. Ne2 Rb7 38. Rb1 Rc7 39. Qb5 Rc2 40. g3 Rxe2 41. Qxe2 Nc3 42. Qb2 Nxb1 43. Qxb1 Qc4 44. d5 b3 45. Qb2 Qxd5 46. Qh8 Qd6 47. Kg2 Qe7 48. Qb2 Qf7 49. Kh3 g5 50. hxg5+ Kxg5 51. Qe5 Qf6 52. Qe8 b2 53. Qg8+ Kh6 54. Qb8 Kg7 55. Qb7+ Kf8 56. Qb8+ Ke7 57. Qb7+ Ke6 58. Qb6+ Kf7 59. Qb7+ Kg6 60. Qb3 Kh6 61. Qb8 Qc3 62. Qf8+ Qg7 63. Qb8 Qg4+ 64. Kh2 Qh5+ 65. Kg2 Qf3+ 66. Kg1 Qd1+ 67. Kg2 b1Q 68. Qf8+ Kg6 69. Qg8+ Kf6 70. Qf8+ Ke6 71. Qg8+ Kd6 72. Qf8+ Kc6 73. Qf6+ Kb7 74. Qe7+ Ka6 75. Qe6+ Ka5 76. Qxf5+ Kb4 0-1

[Event "Bad Woerishofen Seniors op 24th"]
[Site "Bad Woerishofen"]
[Date "2008.03.05"]
[Round "7"]
[White "Rueggeberg, Wilhelm"]
[Black "Harke, Horst"]
[Result "1-0"]
[WhiteElo "1743"]
[BlackElo "1659"]
[PlyCount "73"]
[EventDate "2008.02.28"]
[EventType "swiss"]
[EventRounds "9"]
[EventCountry "GER"]
[SourceTitle "EXT 2022"]
[Source "ChessBase"]
[SourceDate "2021.10.06"]
[SourceVersion "1"]
[SourceVersionDate "2021.10.06"]
[SourceQuality "1"]

1. d4 d5 2. c4 c6 3. Nc3 Nf6 4. Nf3 e6 5. e3 Bb4 6. Bd2 0-0 7. Qc2 Nbd7 8. Be2 Re8 9. 0-0 e5 10. a3 Bd6 11. dxe5 Bxe5 12. cxd5 cxd5 13. Bb5 Qb6 14. Rac1 Qc5 15. a4 Qd6 16. h3 a6 17. Bd3 Nb6 18. Ne2 Bd7 19. Nxe5 Qxe5 20. Bc3 Qg5 21. Ng3 Ne4 22. Bxe4 dxe4 23. Nxe4 Qg6 24. Nc5 Bf5 25. Qe2 Bxh3 26. Qf3 Bf5 27. Rfe1 Be4 28. Nxe4 Rxe4 29. Bd4 Nxa4 30. Rc7 b5 31. Rec1 Rf8 32. R1c6 Re6 33. Qd5 Qb1+ 34. Kh2 Rxc6 35. Rxc6 Qe1 36. Kg3 h5 37. Rg6 1-0

[Event "Bad Woerishofen Seniors op 24th"]
[Site "Bad Woerishofen"]
[Date "2008.03.02"]
[Round "4"]
[White "Kaiser, Hans"]
[Black "Rueggeberg, Wilhelm"]
[Result "1/2-1/2"]
[WhiteElo "1640"]
[BlackElo "1743"]
[PlyCount "88"]
[EventDate "2008.02.28"]
[EventType "swiss"]
[EventRounds "9"]
[EventCountry "GER"]
[SourceTitle "EXT 2022"]
[Source "ChessBase"]
[SourceDate "2021.10.06"]
[SourceVersion "1"]
[SourceVersionDate "2021.10.06"]
[SourceQuality "1"]

1. e4 c5 2. Nc3 Nc6 3. f4 d6 4. Bc4 e6 5. Nf3 Nf6 6. d3 Be7 7. 0-0 0-0 8. Kh1 a6 9. a4 Bd7 10. Be3 Qc7 11. Qe1 Nb4 12. Bb3 b5 13. Qe2 Rac8 14. Nd2 Bc6 15. f5 d5 16. Bf4 e5 17. exd5 Nbxd5 18. Nxd5 Nxd5 19. Bxe5 Qd7 20. axb5 axb5 21. Qh5 Nf6 22. Qh3 Ba8 23. Nf3 Nd5 24. Rae1 Bf6 25. Bxd5 Bxd5 26. Bxf6 gxf6 27. Qg4+ Kh8 28. Nh4 Rg8 29. Qh3 Rg7 30. Kg1 Rcg8 31. g3 Bc6 32. Nf3 Qd6 33. Kf2 c4 34. dxc4 bxc4 35. Qh4 Rg4 36. Qh6 Bxf3 37. Kxf3 Qd5+ 38. Kf2 Qxf5+ 39. Kg2 Qd5+ 40. Kh3 R4g6 41. Qf4 Kg7 42. Qe4 Rh6+ 43. Kg2 Rd8 44. Qxd5 Rxd5 1/2-1/2